Statystyki dla Słowa kończące się na -ład

Kliknij tutaj aby rozwiązać quiz!

Ogólne statystyki

  • Ten quiz został rozwiązany 56 razy
  • Średni wynik to 7 z 12

Statystyki odpowiedzi

.Odpowiedź% Poprawnych
skład
77%
wykład
65%
układ
63%
.zakład
63%
zakład
63%
ład
62%
pokład
60%
okład
58%
nakład
56%
rozkład
52%
podkład
40%
wkład
40%

Rozkład punktacji

Percentyl według liczby udzielonych odpowiedzi

Procent ludzi z każdym wynikiem

Twoja historia wyników

Nie rozwiązałeś tego quizu